[Event "10th LCC FIDE Open 2018"]
[Site "London"]
[Date "2018.12.10"]
[Round "2"]
[White "Wang, Kevin"]
[Black "Martinez, Ayelen"]
[Result "1-0"]
[WhiteElo "2449"]
[BlackElo "2185"]
[Annotator "TA"]
[PlyCount "54"]
[EventDate "2018.12.09"]
[EventType "swiss"]
[EventCountry "ENG"]
[SourceTitle "playchess.com"]
[Source "ChessBase"]
[SourceQuality "1"]

{[%evp 24,54,17,0,0,0,206,251,264,245,454,398,491,360,617,612,626,525,680,509,752,747,1043,1036,1015,704,647,678,1004,1002,1157,1117,1539]} 1. d4 Nf6 2. c4 g6 3. Nc3 Bg7 4. e4 d6 5. Bd3 O-O 6. Nge2 c5 7. d5 e6 8. O-O exd5 9. exd5 Nbd7 10. f4 a6 11. a4 Re8 12. h3 Nh5 {E70: King's Indian: Miscellaneous lines with 4 e4, including 5 Nge2 and 5 Bd3 0-0 6 Nge2} 13. g4 {LiveBook: 4 Games} Qh4 {Hoping for ...Bd4+.} 14. gxh5 Bd4+ $146 {[#]} (14... Qxh3 $11 {and Black is okay.} 15. Rf2 Nf6) ({Predecessor:} 14... Qxh3 15. Ne4 Nf6 16. Nf2 Qh4 17. f5 Nxh5 18. Kg2 Rxe2 19. Qxe2 Qg3+ 20. Kh1 Qh4+ 21. Kg2 Qg3+ 22. Kh1 {½-½ (22) Lomineishvili,M (2366)-Azaladze,S (2498) Tbilisi 2014}) 15. Kg2 $1 $18 Ne5 {[%csl Gc8][%cal Rh4h3] [#]} 16. f5 $1 g5 $2 (16... gxf5 17. Nxd4 (17. Bxf5 Bxf5 18. Rxf5 Kh8 $16) 17... Kh8) 17. Ng3 Kh8 18. Be2 Rg8 $2 (18... Bxc3 19. bxc3 f6) 19. Nce4 {White is clearly winning.} Bd7 20. Ra3 Rg7 21. Be3 Bxb2 22. Ra2 Re8 23. h6 Rgg8 24. Bg4 Nxc4 25. Bf2 Be5 26. Nh5 Bxf5 27. Bxf5 g4 {Accuracy: White = 64%, Black =  8%.} 1-0

[Event "10th LCC FIDE Open 2018"]
[Site "London"]
[Date "2018.12.10"]
[Round "2"]
[White "Pert, Richard G"]
[Black "Brozel, Sacha"]
[Result "1-0"]
[WhiteElo "2416"]
[BlackElo "2182"]
[Annotator "TA"]
[PlyCount "69"]
[EventDate "2018.12.09"]
[EventType "swiss"]
[EventCountry "ENG"]
[SourceTitle "playchess.com"]
[Source "ChessBase"]
[SourceQuality "1"]

{[%evp 25,69,62,52,36,31,18,28,0,43,0,102,58,242,220,326,129,102,116,378,324,498,435,467,470,450,460,1070,1045,894,135,268,208,160,120,106,103,205,173,383,354,2043,2037,1794,1689,29977,5297]} 1. d4 e6 2. e4 {[%cal Be2e4,Be4e5][%mdl 32]} d5 3. Nd2 Be7 4. Ngf3 Nf6 5. e5 Nfd7 6. Bd3 c5 7. c3 Nc6 8. O-O a5 9. Re1 cxd4 10. cxd4 Qb6 11. a4 {C06: French Tarrasch: 3...Nf6 4 e5 Nfd7 5 Bd3 main lines} g5 (11... Nxd4 12. Nxd4 Qxd4 13. Nf3 Qb6 14. Be3 Nc5 15. Bb5+ Bd7 16. Nd4 Bxb5 17. Nxb5 O-O 18. Qg4 Rfc8 {0-1 (33) Naroditsky,D (2631)-So,W (2779) ICC INT 2015}) 12. Nb3 g4 13. Nfd2 {[%cal Bf3d2,Bd2b1,Bb1c3][%mdl 32]} h5 $1 {LiveBook: 3 Games} 14. Nb1 $146 ({Predecessor:} 14. Bb5 Nxd4 15. Nxd4 Qxd4 16. Qe2 h4 {½-½ (24) Schoenthier,F (2322)-Braun,V (2334) Germany 2009}) 14... Nxd4 15. Nxd4 Qxd4 16. Nc3 Qb6 17. Bb5 Bc5 (17... Kf8 $1 $11) 18. Qc2 O-O $2 (18... Kf8 $14) 19. Bh6 f5 (19... Kh8 $142 20. Bxf8 Bxf8 21. Nxd5 exd5) 20. Bxf8 $2 (20. Qd2 $18 {and the rest is easy. Threatening mate with Qg5+.} f4 21. Bxf8 Nxf8 22. Qxf4) 20... Nxf8 $16 21. Rac1 $36 {[%mdl 2048] Strongly threatening Qd2. Keeping Black busy.} Bd4 $2 {[%mdl 8192]} (21... Bb4 $16 {keeps fighting.}) 22. Qd2 $18 Kf7 (22... Nh7 $142 23. Rc2 Kg7) 23. Qh6 Bxf2+ 24. Kh1 Qd8 25. Rf1 Bd4 (25... Bh4 $142 26. Qxh5+ Kg7) 26. Qxh5+ Kg7 27. h3 $2 (27. Be8 $18 Qe7 {[#]} 28. Rxf5 $3 {[%mdl 576] Deflection} exf5 29. Nxd5) 27... Bd7 (27... Ng6 $16 {was worth a try.}) 28. hxg4 Ng6 29. gxf5 exf5 {Threatens to win with ...Qg5!} 30. Rf3 ({Inferior is} 30. Nxd5 Qg5 $17) 30... f4 (30... Qh8 $16 31. Rh3 Qxh5 32. Rxh5 Nf4) 31. Nxd5 Qh8 $2 (31... Bxe5 32. Bxd7 Qxd7) 32. Rh3 Bxh3 $2 (32... Qxh5 33. Rxh5 Rc8) 33. Rc7+ {[%mdl 64] [#] Double Attack} Kf8 34. Rh7 Qxe5 35. Qh6+ {Accuracy: White = 53%, Black = 22%.} 1-0

[Event "10th LCC FIDE Open 2018"]
[Site "London"]
[Date "2018.12.10"]
[Round "2"]
[White "McDonald, Neil"]
[Black "Sumit, Kumar"]
[Result "0-1"]
[WhiteElo "2403"]
[BlackElo "2179"]
[Annotator "TA"]
[PlyCount "80"]
[EventDate "2018.12.09"]
[EventType "swiss"]
[EventCountry "ENG"]
[SourceTitle "playchess.com"]
[Source "ChessBase"]
[SourceQuality "1"]

{[%evp 18,80,28,18,33,21,28,16,30,37,32,-79,-74,-83,-74,-103,-87,-108,-119,-124,-69,-83,-61,-65,-54,-52,-43,-70,-16,-32,163,159,165,165,175,-238,-233,-248,-237,-488,-481,-517,-462,-571,-564,-564,-564,-536,-461,-435,-337,-692,-690,-754,-760,-754,-747,-1281,-1279,-1500,-1489,-29985,-29986,-29991,-29992]} 1. e4 e5 2. Nf3 Nc6 3. Bb5 a6 4. Ba4 Nf6 5. d3 b5 6. Bb3 Be7 7. O-O d6 8. a4 Bd7 9. c3 {C84: Closed Ruy Lopez: Unusual White 6th moves} O-O 10. Nbd2 {LiveBook: 73 Games} b4 11. Nc4 $146 {White is slightly better.} ({Predecessor:} 11. a5 h6 12. h3 Rb8 13. Nc4 Re8 14. Re1 Bf8 15. Be3 g6 16. Qc2 Bg7 {1-0 (45) Balogh,C (2608)-Fressinet,L (2718) Bastia 2010}) 11... Rb8 12. Re1 bxc3 13. bxc3 Be6 14. Ng5 (14. h3 $14 {keeps the upper hand.}) 14... Bg4 $1 $17 {[%cal Rg4d1]} 15. f3 Bd7 16. a5 h6 17. Nh3 Bxh3 $1 18. gxh3 Qc8 (18... Nh5 $17 19. Ba4 Na7) 19. Ne3 Qxh3 20. Ba4 Nxa5 21. Nf5 Bd8 $1 22. Kh1 Kh8 23. Rg1 {Threatens to win with Rg3.} Rg8 $2 (23... Nh5 $15 {stays ahead.}) 24. Rg3 {[%mdl 1024] White has strong compensation.} Qh5 25. Qf1 Nh7 26. Bd7 $4 {[%mdl 8192] [#]} (26. Bc2 $18 {avoids the disaster.}) 26... Nb3 $1 $19 {[%cal Rb3a1]} 27. Rb1 {[#]} Bg5 $1 {[%cal Rg5c1]} 28. Bxg5 $2 (28. Rh3 Qg6 29. Bxg5 Qxg5 30. Rd1) 28... Nxg5 29. Rb2 {next Ne7 is good for White.} Nc5 30. Rbg2 Nxd7 31. Rxg5 hxg5 32. Rg3 Nf6 33. Rh3 g6 34. Rxh5+ $2 (34. Ne7 Rgf8 35. Rxh5+ Nxh5 36. d4) 34... Nxh5 35. Ne7 Rge8 36. Nd5 Rb7 37. Qa1 Reb8 38. Nb4 c5 {[%cal Bc7c5,Bc5b4,Bb4b3][%mdl 32]} 39. Qxa6 cxb4 40. Qxd6 b3 {Precision: White = 32%, Black = 68%.} 0-1

[Event "10th LCC FIDE Open 2018"]
[Site "London"]
[Date "2018.12.10"]
[Round "2"]
[White "Cherniaev, Alexander"]
[Black "Ogunshola, Olugbemiga (Ben)"]
[Result "1-0"]
[WhiteElo "2393"]
[BlackElo "2172"]
[Annotator "RC"]
[PlyCount "41"]
[EventDate "2018.12.09"]
[EventType "swiss"]
[EventCountry "ENG"]
[SourceTitle "playchess.com"]
[Source "ChessBase"]
[SourceQuality "1"]
[TimeControl "40/5400+30:1800+30"]

1. e4 {[%emt 0:00:19]} d6 {[%emt 0:00:34]} 2. Nc3 {[%emt 0:00:08]} c5 {[%emt 0:00:36]} 3. f4 {[%emt 0:00:09]} Nc6 {[%emt 0:02:36]} 4. Nf3 {[%emt 0:00:10]} g6 {[%emt 0:00:20]} 5. Bb5 {[%emt 0:02:25]} Bg7 {[%emt 0:00:59]} 6. O-O {[%emt 0:02:03]} Bd7 {[%emt 0:05:58]} 7. Kh1 {[%emt 0:01:16]} a6 {[%emt 0:04:04]} 8. Bxc6 {[%emt 0:00:25]} Bxc6 {[%emt 0:01:36]} 9. d3 {[%emt 0:00:10]} b6 {[%emt 0:11:13]} 10. Bd2 {[%emt 0:07:23]} Qd7 {[%emt 0:08:25]} 11. Qe2 {[%emt 0:10:14]} Nf6 {[%emt 0:10:51]} 12. e5 {[%emt 0:05:46]} Nd5 {[%emt 0:00:36]} 13. Ng5 {[%emt 0:01:38]} Nc7 {[%emt 0:10:10]} 14. exd6 {[%emt 0:04:45]} Qxd6 {[%emt 0:00:16]} 15. f5 {[%emt 0:00:13]} O-O {[%emt 0:03:12]} 16. Nce4 {[%emt 0:03:26]} Qd8 {[%emt 0:02:54]} 17. fxg6 {[%emt 0:28:02]} hxg6 {[%emt 0:00:26]} 18. Qg4 {[%emt 0:04:24]} Bxe4 {[%emt 0:01:04]} 19. Qh4 {[%emt 0:03:18]} Bxg2+ {[%emt 0:00:20]} 20. Kxg2 {[%emt 0:00:26]} Qd5+ {[%emt 0:00:02]} 21. Rf3 {[%emt 0:00:11]} 1-0

[Event "10th LCC FIDE Open 2018"]
[Site "London"]
[Date "2018.12.10"]
[Round "2"]
[White "Mirzoyan, Davit T."]
[Black "Russell, Christopher"]
[Result "1/2-1/2"]
[WhiteElo "2382"]
[BlackElo "2169"]
[Annotator "TA"]
[PlyCount "84"]
[EventDate "2018.12.09"]
[EventType "swiss"]
[EventCountry "ENG"]
[SourceTitle "playchess.com"]
[Source "ChessBase"]
[SourceQuality "1"]

{[%evp 22,84,-29,-40,2,-50,-39,-60,-57,-58,-52,-79,-43,-52,-38,-35,119,73,103,106,156,124,202,-52,495,482,608,618,531,425,408,396,581,560,779,185,180,177,174,124,129,122,167,175,170,25,32,8,8,8,8,8,8,4,4,4,4,4,8,0,0,0,0,0,0]} 1. Nf3 e6 2. g3 Nf6 3. Bg2 d5 4. O-O Be7 5. d3 O-O 6. Nbd2 c5 7. e4 Nc6 8. Re1 b5 9. e5 Nd7 10. Nf1 Qc7 11. Bf4 Bb7 12. h4 {LiveBook: 43 Games} h6 {C00: French: Unusual White 2nd moves} (12... Rfc8 13. Ne3 Qd8 14. Ng4 Bf8 15. Bg5 Qe8 16. c3 h6 17. Bf4 a5 18. Qd2 b4 19. c4 Ne7 20. h5 {1-0 (59) Kuzubov,Y (2699)-Grischuk,A (2772) Riadh 2017}) 13. Qd2 $146 (13. Ne3 $11) ({Predecessor:} 13. Qe2 b4 14. Ne3 Rfe8 15. Nxd5 Qd8 {1-0 (41) Tomalak,A-Jedrzejowski,M Poland 1997}) 13... Rfc8 14. h5 a5 {Black is slightly better.} 15. N1h2 Bf8 16. Re2 b4 17. g4 a4 18. Rae1 Ba6 $2 (18... c4 $15) 19. g5 $16 hxg5 20. Bxg5 c4 {aiming for ...b3.} 21. Ng4 b3 (21... cxd3 $16 22. cxd3 b3) 22. axb3 $2 (22. h6 $1 $18) 22... axb3 $2 {[%mdl 8192]} (22... cxd3 $1 $15 {keeps the upper hand.} 23. cxd3 Bb4 {[%mdl 64] Skewer}) 23. h6 $1 $18 g6 {White should prevent ...bxc2.} 24. Qf4 f5 25. exf6 {[%mdl 64] Discovered Attack} Qxf4 26. Bxf4 bxc2 (26... e5 {keeps fighting.} 27. f7+ Kh8 28. Bxe5+ Ndxe5 29. Ngxe5 bxc2) 27. Rxe6 Nd8 {[#]} 28. Re8 $2 (28. Re7 $1 {[%mdl 512]}) 28... Nf7 29. Rxc8 Rxc8 {[#]} 30. d4 $1 c3 31. bxc3 {And now Nfe5 would win.} Rxc3 {[#]} 32. Nfe5 $1 Ndxe5 33. dxe5 (33. Nxe5 $18 Bxh6 34. Bxh6 Nxh6 35. Bxd5+ Kh7 36. Rc1) 33... Bc8 $11 ({Don't play} 33... Rc4 $6 34. e6 $16) 34. e6 Bxe6 $1 {The position is equal.} 35. Rxe6 c1=Q+ ({Reject} 35... Rc4 $6 36. Bc1 $16) 36. Bxc1 Rxc1+ 37. Kh2 Bd6+ 38. Rxd6 $1 Nxd6 39. Bxd5+ Kh7 40. f7 Rc8 41. Nf6+ Kxh6 {[#] Strongly threatening ...Kg7.} 42. Ne8 $1 {[%mdl 512]} Rxe8 {Accuracy: White = 42%, Black = 41%.} (42... Nxe8 43. f8=Q+) 1/2-1/2

[Event "10th LCC FIDE Open 2018"]
[Site "London"]
[Date "2018.12.10"]
[Round "2"]
[White "Gschnitzer, Adrian"]
[Black "Beckett, Chris J"]
[Result "1-0"]
[WhiteElo "2374"]
[BlackElo "2165"]
[Annotator "TA"]
[PlyCount "137"]
[EventDate "2018.12.09"]
[EventType "swiss"]
[EventCountry "ENG"]
[SourceTitle "playchess.com"]
[Source "ChessBase"]
[SourceQuality "1"]

{[%evp 20,137,12,18,18,25,7,22,51,7,20,-16,0,0,0,0,29,-30,0,0,4,-13,27,0,0,-16,20,18,0,0,64,38,89,-43,0,0,0,0,0,0,0,0,0,0,0,0,0,0,0,-26,0,0,0,0,0,0,0,-11,0,0,0,0,0,0,0,0,0,0,0,0,9,0,0,0,0,0,0,0,0,0,14,0,20,0,0,0,0,0,66,65,74,77,101,83,113,68,379,374,540,545,494,475,957,904,836,762,976,989,29985,29986,29987,29988,29988,29989,29989,29990,29990,29991,29991,29992]} 1. e4 e6 2. d4 d5 3. Nd2 c5 4. exd5 Qxd5 5. Ngf3 cxd4 6. Bc4 Qd7 {C07: French Tarrasch: 3...c5, 4 Ngf3 and 4 exd5 Qxd5} 7. O-O Nc6 8. Nb3 a6 9. Nbxd4 Nxd4 10. Nxd4 Qc7 11. Bb3 {LiveBook: 48 Games} Bd6 12. Qh5 Nf6 13. Qh4 Bd7 {[#]} 14. Re1 $146 {Black should prevent Nf5.} ({Predecessor:} 14. Bg5 O-O-O 15. Rad1 h6 16. Bxf6 gxf6 {½-½ (24) Navara,D (2737)-Harikrishna,P (2737) Biel 2017}) 14... O-O-O 15. Re3 Qa5 16. Rc3+ Kb8 17. Bg5 Be5 {Hoping for ...Bxd4.} 18. Be3 (18. Rd3 $142) 18... h6 19. f3 Rc8 20. Rd3 Rhd8 21. Qf2 Bb5 {[#]} 22. c4 $1 {[%mdl 512]} Be8 (22... Bxc4 23. Bxc4) 23. Rad1 Bc7 24. Bc2 Qh5 (24... Qxa2 $11 25. Qd2 Qa5) 25. g3 Bb6 (25... e5 $14) 26. c5 (26. b4 $16) 26... Bxc5 {[#]} (26... Qxc5 {with more complications.} 27. Nc6+ Qxc6 28. Bxb6 Rxd3 29. Bxd3 Qd5) 27. Nc6+ $1 {[%mdl 576] Discovered Attack} Bxc6 (27... bxc6 28. Rxd8) 28. Rxd8 Bxe3 29. Qxe3 {Black must now prevent Qf4+.} Qxf3 {[%csl Gc6][%cal Rf3g2]} 30. Qf4+ Qxf4 31. gxf4 Bd5 32. Rxc8+ Kxc8 $11 {[%mdl 4096] Endgame KRB-KBN} 33. Kf2 g6 34. Bb3 Bc6 35. h3 Kc7 36. Ke3 Nd7 37. Rd4 Nf6 38. Bd1 Bd5 39. a3 Bg2 40. h4 h5 41. Bf3 Ng4+ 42. Ke2 Bxf3+ 43. Kxf3 {KR-KN} Nh6 44. Ke4 f6 45. Rd3 Nf5 46. Rh3 Kc6 47. a4 Nd6+ 48. Kd3 Nf5 49. Kc4 a5 50. Rh2 Nd6+ 51. Kd3 {aiming for Rg2.} Nf5 52. Re2 Kd6 53. Kc4 e5 ({Black should try} 53... Nxh4 $11 54. Kb5 Nf3 55. Kxa5 Nd4) 54. fxe5+ $1 $14 fxe5 55. Re4 Nd4 56. Re3 $1 {[%cal Re3g3][%mdl 1024] Threatens to win with Rg3. White has strong compensation.} Ke6 57. Rg3 Kf6 $2 {[%mdl 8192] [#]} (57... Kf5 $14) 58. Kd5 $1 $18 Nc6 {[#]} (58... Kf5 {keeps fighting.} 59. Rg5+ Kf6 60. Rxe5 Nc6) 59. Rf3+ $1 Ke7 60. Rb3 Kf6 (60... Nb4+ $142 61. Kxe5 Kf7 62. Rf3+ Kg7) 61. Rxb7 Ne7+ 62. Ke4 Nf5 63. Rb6+ Kg7 64. b4 {White mates.} axb4 65. a5 {[%cal Ba4a5,Ba5a6,Ba6a7][%mdl 32]} b3 66. a6 b2 67. a7 Nd6+ 68. Kd5 Nc8 69. Rb7+ {Accuracy: White = 59%, Black = 42%.} 1-0

[Event "10th LCC FIDE Open 2018"]
[Site "London"]
[Date "2018.12.10"]
[Round "2"]
[White "Megalios, Konstantinos"]
[Black "Quinn, John M"]
[Result "1-0"]
[WhiteElo "2365"]
[BlackElo "2160"]
[Annotator "TA"]
[PlyCount "80"]
[EventDate "2018.12.09"]
[EventType "swiss"]
[EventCountry "ENG"]
[SourceTitle "playchess.com"]
[Source "ChessBase"]
[SourceQuality "1"]

{[%evp 22,80,46,46,79,83,83,86,81,84,84,77,64,73,81,54,89,62,48,45,64,32,33,35,123,117,133,133,138,65,212,209,216,214,309,297,346,340,490,354,359,353,406,406,397,393,413,404,397,382,425,436,425,399,403,395,385,367,481,475,467]} 1. d4 Nf6 2. c4 g6 3. Nc3 Bg7 4. e4 d6 5. Be2 O-O 6. Bg5 Na6 7. Qd2 e5 8. d5 Qe8 9. Bd1 Bd7 10. Nge2 {E73: King's Indian: Averbakh Variation without 6...c5} Nh5 11. Ng3 (11. O-O f5 12. exf5 gxf5 13. Ng3 Nf6 14. Bc2 Qg6 15. Rae1 h6 16. Bh4 h5 17. Qd1 Qh7 {½-½ (112) Chatalbashev,B (2570)-Milov,V (2589) Basel 2018}) 11... Nf4 12. O-O $1 {LiveBook: 5 Games. White is slightly better.} f5 {[#]} 13. exf5 $1 Bxf5 14. Bxf4 exf4 15. Nxf5 Rxf5 16. Bg4 Rf8 17. Rae1 Qd8 $146 ({Predecessor:} 17... Be5) 18. Nb5 Qg5 19. Be6+ Kh8 20. b4 Be5 21. Re4 Qf6 $1 22. a3 Rae8 (22... c6 $14 23. Nd4 Nc7) 23. Bg4 $16 h5 24. Bf3 Re7 25. Rfe1 (25. Nxa7 $16 Nb8 26. Re2) 25... g5 (25... Rfe8 $14) 26. Bxh5 $18 Rh7 27. Bf3 g4 (27... Nb8 {might work better.} 28. Qd1 (28. Nxa7 Bc3 $14) 28... a6) 28. Bxg4 Rg8 29. Qd1 ({Don't take} 29. h3 Nb8 $18) 29... f3 (29... Nb8 $142 30. h3 (30. Nxa7 Qg7 $16) 30... Qg7) 30. Qxf3 Bxh2+ 31. Kf1 Be5 32. Qxf6+ Bxf6 33. Bh3 Be5 34. c5 Rf8 35. R1e2 Rhf7 {If Black can now play ...Bg3 this consolidates a bit.} 36. Rh4+ Kg7 37. Be6 Rf4 38. Rxf4 Bxf4 39. cxd6 cxd6 40. Rc2 Be5 {Accuracy: White = 75%, Black = 26%.} 1-0

[Event "10th LCC FIDE Open 2018"]
[Site "London"]
[Date "2018.12.10"]
[Round "2"]
[White "Mihajlov, Sebastian"]
[Black "Smith, Andrew Philip"]
[Result "1/2-1/2"]
[WhiteElo "2358"]
[BlackElo "2157"]
[Annotator "TA"]
[PlyCount "76"]
[EventDate "2018.12.09"]
[EventType "swiss"]
[EventCountry "ENG"]
[SourceTitle "playchess.com"]
[Source "ChessBase"]
[SourceQuality "1"]

{[%evp 10,76,78,71,78,70,74,64,63,27,34,22,35,28,29,30,53,35,70,45,46,35,54,28,37,0,0,0,101,100,108,23,18,33,47,55,42,45,39,-79,-81,-822,-800,-737,-254,-260,-250,-247,-234,-260,-169,-177,-181,-217,-210,-168,-75,-141,-139,-117,-117,-168,0,0,0,-135,0,0,0]} 1. d4 d6 2. e4 Nd7 3. c4 e5 4. Nf3 c6 5. Nc3 h6 (5... Ngf6 6. Be2 Be7 7. O-O a5 8. Re1 O-O 9. Bf1 Re8 10. b3 Qc7 11. h3 Nf8 12. Be3 Ng6 13. d5 Nd7 14. a3 c5 15. Rb1 {1-0 (35) Navara,D (2725)-Plat,V (2532) Tallinn 2016}) 6. Be2 {LiveBook: 4 Games. B10: Caro-Kann: 2 d3 and 2 c4} Ne7 7. Be3 Ng6 8. Qd2 {White is better.} Be7 9. g3 $146 ({Predecessor:} 9. O-O O-O 10. Rfd1 Nf6 11. h3 Nh7 12. Qc1 Bd7 13. dxe5 dxe5 {0-1 (40) Taylor,P (2289)-Smith,A (2198) West Bromwich 2004}) 9... Nf6 10. h3 Qc7 11. d5 cxd5 12. cxd5 a6 13. Rc1 Qa5 14. Kf1 Bd7 15. Kg2 Rc8 16. Ne1 Bd8 17. b4 Qxb4 18. Nb5 $1 Ba5 {[#]} ({Don't go for} 18... Qxe4+ $2 19. f3 $18) (18... Bxh3+ $1 $11 {remains equal.} 19. Kxh3 Qxd2 20. Bxd2 Rxc1 21. Nxd6+ {[%mdl 64] Double Attack} Kd7 22. Bxc1 (22. Nxf7 Ra1 $11) 22... Kxd6) 19. Nxd6+ $1 $16 {[%mdl 512]} Qxd6 20. Qxa5 (20. Rxc8+ $16 Ke7 21. Qxa5 Rxc8 22. Bd3) 20... Rxc1 $11 21. Bxc1 {And now Ba3 would win.} b6 22. Qxa6 {Black must now prevent Ba3.} Nxe4 23. Ba3 $1 {[%cal Ra3d6]} Nc5 24. Bf3 (24. Qc4 $14 {keeps the upper hand.}) 24... O-O $36 {[%mdl 2048] Threatens to win with ...Nh4+! Black has strong initiative.} 25. Nd3 $2 {[%mdl 8192] [#]} (25. Kh2 $17) 25... Nh4+ $1 $19 {[%mdl 512]} 26. Kf1 (26. gxh4 Qg6+) 26... Nxa6 $2 (26... Nxf3 27. Nxc5 Bf5) 27. Bxd6 Nxf3 28. Bxf8 Kxf8 29. Kg2 Bf5 30. Kxf3 Bxd3 31. Rc1 Nc5 32. Ke3 {aiming for Rxc5!} e4 (32... Bf5 $19 {is more deadly.} 33. g4 Bg6) 33. a4 (33. d6 $142) 33... Nxa4 $17 34. Rc7 Nc5 35. d6 (35. Kd4 $17 {is a better defense.}) 35... Ke8 36. Re7+ Kf8 37. Rc7 $1 {[%cal Rc7c8]} Ke8 (37... f6 $17 38. Re7 Bb5) 38. Re7+ $11 Kf8 {Accuracy: White = 40%, Black = 54%.} 1/2-1/2

[Event "10th LCC FIDE Open 2018"]
[Site "London"]
[Date "2018.12.10"]
[Round "2"]
[White "Gullaksen, Eirik"]
[Black "Pollack, Oscar"]
[Result "1-0"]
[WhiteElo "2349"]
[BlackElo "2150"]
[Annotator "RC"]
[PlyCount "73"]
[EventDate "2018.12.09"]
[EventType "swiss"]
[EventCountry "ENG"]
[SourceTitle "playchess.com"]
[Source "ChessBase"]
[SourceQuality "1"]
[TimeControl "40/5400+30:1800+30"]

1. d4 {[%emt 0:00:00]} Nf6 {[%emt 0:00:00]} 2. c4 {[%emt 0:00:00]} d6 {[%emt 0:00:06]} 3. Nc3 {[%emt 0:00:52]} g6 {[%emt 0:00:55]} 4. e4 {[%emt 0:00:22]} Bg7 {[%emt 0:00:04]} 5. Be2 {[%emt 0:00:17]} O-O {[%emt 0:00:10]} 6. Be3 {[%emt 0:00:13]} e5 {[%emt 0:01:26]} 7. d5 {[%emt 0:00:12]} a5 {[%emt 0:00:50]} 8. g4 {[%emt 0:00:34]} Na6 {[%emt 0:01:40]} 9. f3 {[%emt 0:01:26]} Bd7 {[%emt 0:02:51]} 10. Qd2 {[%emt 0:00:41]} Nc5 {[%emt 0:01:35]} 11. h4 {[%emt 0:00:57]} c6 {[%emt 0:02:04]} 12. Nh3 {[%emt 0:07:39]} cxd5 {[%emt 0:03:02]} 13. cxd5 {[%emt 0:02:22]} Rb8 {[%emt 0:07:17]} 14. Nf2 {[%emt 0:02:04]} b5 {[%emt 0:02:43]} 15. Rc1 {[%emt 0:05:15]} Qe7 {[%emt 0:08:36]} 16. h5 {[%emt 0:03:17]} Rfc8 {[%emt 0:02:14]} 17. Kf1 {[%emt 0:13:07]} b4 {[%emt 0:05:13]} 18. Ncd1 {[%emt 0:00:47]} Rb7 {[%emt 0:00:44]} 19. Bxc5 {[%emt 0:08:35]} Rxc5 {[%emt 0:01:36]} 20. Rxc5 {[%emt 0:00:11]} dxc5 {[%emt 0:00:02]} 21. Ne3 {[%emt 0:02:27]} Ne8 {[%emt 0:02:41]} 22. Nc4 {[%emt 0:06:15]} Nd6 {[%emt 0:01:49]} 23. hxg6 {[%emt 0:00:42]} fxg6 {[%emt 0:00:54]} 24. Nxa5 {[%emt 0:01:24]} Ra7 {[%emt 0:00:25]} 25. Nc6 {[%emt 0:00:10]} Bxc6 {[%emt 0:00:55]} 26. dxc6 {[%emt 0:00:07]} Qe6 {[%emt 0:01:03]} 27. Kg2 {[%emt 0:05:29]} Rxa2 {[%emt 0:06:26]} 28. Rc1 {[%emt 0:02:19]} Ra5 {[%emt 0:03:22]} 29. c7 {[%emt 0:02:37]} Bf8 {[%emt 0:03:56]} 30. Qxd6 {[%emt 0:01:31]} Bxd6 {[%emt 0:06:10]} 31. Bc4 {[%emt 0:00:12]} Bxc7 {[%emt 0:00:09]} 32. Bxe6+ {[%emt 0:00:07]} Kf8 {[%emt 0:00:03]} 33. Rd1 {[%emt 0:01:04]} Ke7 {[%emt 0:03:28]} 34. Bc4 {[%emt 0:00:42]} Bd6 {[%emt 0:00:34]} 35. Rh1 {[%emt 0:00:38]} Kf6 {[%emt 0:01:08]} 36. Rxh7 {[%emt 0:00:24]} Ra8 {[%emt 0:02:57]} 37. g5+ {[%emt 0:00:10]} 1-0

[Event "10th LCC FIDE Open 2018"]
[Site "London"]
[Date "2018.12.10"]
[Round "2"]
[White "Bradbury, Neil H"]
[Black "Bezuidenhout, Roland"]
[Result "1-0"]
[WhiteElo "2336"]
[BlackElo "2145"]
[Annotator "TA"]
[PlyCount "63"]
[EventDate "2018.12.09"]
[EventType "swiss"]
[EventCountry "ENG"]
[SourceTitle "playchess.com"]
[Source "ChessBase"]
[SourceQuality "1"]

{[%evp 23,63,-8,-14,-17,-23,-27,-22,-31,91,-52,-47,-31,9,-12,20,-68,33,0,42,50,169,153,156,165,424,442,917,757,29985,29986,29987,29988,29988,29989,29989,1011,1060,1021,933,883,886,774]} 1. d4 Nf6 2. c4 e6 3. Nf3 d5 4. Nc3 dxc4 5. Qa4+ c6 6. Qxc4 b5 7. Qb3 a6 8. g3 {D43: Semi-Slav: 5 Bg5 h6} (8. Bg5 Nbd7 9. e3 Be7 10. Be2 Bb7 11. O-O O-O 12. Rfd1 c5 13. dxc5 Qc8 14. a4 Nxc5 15. Qb4 bxa4 16. Nxa4 {0-1 (99) Khusenkhojaev,M (2430)-Ismagambetov,A (2538) Batumi 2018}) 8... Bb7 9. Bg2 c5 10. O-O Nbd7 11. Rd1 c4 12. Qc2 b4 {[%cal Bb5b4,Bb4b3][%mdl 32] LiveBook: 3 Games} 13. Nb1 $1 Rc8 14. Bg5 Be7 15. a3 $146 ({Predecessor:} 15. Bxf6 Nxf6 16. a3 b3 17. Qc1 {1-0 (37) Heck,N (2296)-Rogule,A (2016) Willingen 2001}) 15... Qa5 {[#]} (15... b3 $15 {keeps the upper hand.} 16. Qc1 Qb6) 16. Nbd2 ({White should try} 16. axb4 $1 $16 {[%mdl 512]} Qxb4 17. Nc3) 16... b3 $15 17. Qb1 Qb5 18. e4 Nb6 19. e5 (19. d5 $11) 19... Nfd7 (19... Nfd5 $15 20. Bxe7 Nxe7) 20. Ne4 {And now Bxe7 would win.} Bxe4 (20... c3 $5 21. bxc3 b2 $17) 21. Qxe4 {Bxe7 is the strong threat.} Na4 {[#]} (21... Bf8 $14) 22. Bxe7 $1 $18 Kxe7 23. d5 $36 {[%cal Bd4d5,Bd5e6,Be6d7][%mdl 2080] White is on the roll.} Nxb2 $2 (23... Ndc5 24. d6+ Kf8) 24. Nd4 Qa5 {[#]} (24... Qb6 $142) 25. dxe6 $1 {[%mdl 512] Threatening mate with Nf5+.} Nxd1 (25... fxe6 26. Qh4+) 26. Nf5+ Kf8 27. exd7 Rd8 28. Rxd1 g6 29. Ne3 (29. Qh4 $142 gxf5 30. Qh6+ Kg8 31. e6 fxe6 32. Qxe6+ {[%mdl 64] Double Attack} Kg7 33. Qe7+ Kg8 34. Rd6) 29... c3 {White is clearly winning.} 30. e6 {[%cal Be5e6,Be6e7][%mdl 32] White threatens Qf4 and mate.} c2 31. e7+ Kg7 32. Nxc2 {Accuracy: White = 33%, Black = 22%.} ({Less strong is} 32. exd8=B cxd1=Q+ 33. Nxd1 Rxd8 $18) 1-0